Noms de pays contenant un adjectif - Statistiques

Statistiques générales
  • Ce quiz a été pris 241 fois
    97 depuis la dernière actualisation
  • Le résultat moyen est 11 sur 20
Statistiques - réponses
Pays % Correct
États-Unis
83%
Nouvelle-Zélande
77%
République Démocratique du Congo
77%
Royaume Uni
77%
Papouasie-Nouvelle-Guinée
70%
République Dominicaine
65%
République Tchèque
59%
Émirats Arabes Unis
54%
Guinée Équatoriale
52%
République Centrafricaine
52%
Arabie Saoudite
48%
Pays-Bas
48%
Saint-Vincent-et-les-Grenadines
48%
Cap-Vert
47%
Saint-Christophe-et-Niévès
47%
Sainte-Lucie
42%
Costa Rica
41%
Saint-Marin
39%
Timor Oriental
38%
Antigua-et-Barbuda
32%
Aucun quiz correspondant
Distribution des résultats
% des personnes avec chaque résultat
Percentile par nombre de réponses
Votre historique - résultats
Vous n’avez pas pris ce quiz depuis la dernière actualisation